• 首页
  • 本馆介绍
  • 公告通知
  • 最新文献
  • 馆藏检索
  • 电子资源
  • 读者导购
  • 参考咨询
  • 我的图书馆
  • 登录
  • 详细信息显示
  • 放入我的书架
  • 预约/预借图书
  • 作者相关作品
  • 分类相关作品
  • 丛书相关作品
  • 出版社相关作品

书目信息

  • 表格格式
  • 工作单格式
  • 卡片格式
题名:
征程军魂
    
 
作者: 朱少军 , 王晓阳 著
分册:  
出版信息: 北京   中共党史出版社  2006
页数: 323页
开本: 21cm
丛书名: 红军长征纪实丛书
单 册:
中图分类: K264.406
科图分类:
主题词: 二万五千里长征 , 将军
电子资源:
ISBN: 7-80199-374-8
000 01065oam2 2200301 450
001 003089775
005 20061116151915.96
010    @a7-80199-374-8@dCNY23.00
100    @a20060124d2006 em y0chiy0110 ea
101 0  @achi
102    @aCN@b110000
105    @aa z 000yd
200 1  @a征程军魂@9zheng cheng jun hun@e长征中的著名将领@f朱少军,王晓阳著
210    @a北京@c中共党史出版社@d2006
215    @a323页@c图@d21cm
225 2  @a红军长征纪实丛书
330    @a本书以详实的史料,描写了长征中红军著名将领的事迹,共分十四章,包括长征路上的开路先锋、“第一号善战的湖南人”、打不垮的铁后卫、“一言九鼎”的红司令等内容。
461  0 @12001 @a红军长征纪实丛书
517 1  @a长征中的著名将领@9chang zheng zhong de zhu ming jiang ling
601 02 @a中国工农红军
601 02 @a中国工农红军@x二万五千里长征@x将军@x生平事迹
606 0  @a二万五千里长征
606 0  @a将军
690    @aK264.406@v4
701  0 @a朱少军@9zhu shao jun@f(1966~)@4著
701  0 @a王晓阳@9wang xiao yang@c(党史)@4著
801  0 @aCN@bNLC@c20061116
905    @a10447@dK264.406@e46
    
    征程军魂:长征中的著名将领/朱少军,王晓阳著.-北京:中共党史出版社,2006
    323页:图;21cm.-(红军长征纪实丛书)
    
    
    ISBN 7-80199-374-8:CNY23.00
    本书以详实的史料,描写了长征中红军著名将领的事迹,共分十四章,包括长征路上的开路先锋、“第一号善战的湖南人”、打不垮的铁后卫、“一言九鼎”的红司令等内容。
●
相关链接 在E读中查询图书 在五车中查询图书 在当当中查询图书 在豆瓣中查询图书


正题名:征程军魂     索取号:K264.406/46         预约/预借

序号 登录号 条形码 馆藏地/架位号 状态 备注
1 0391264   203912640   第二样本阅览室/ [索取号:K264.406/46] 在馆    
2 0391265   203912659   第二借阅区/ [索取号:K264.406/46] 在馆    
3 0391266   203912668   密集书库/ [索取号:K264.406/46] 在馆    
4 0391267   203912677   第二借阅区/ [索取号:K264.406/46] 在馆    
5 0391268   203912686   第二借阅区/ [索取号:K264.406/46] 在馆    
唐山师范学院图书馆 欢迎您!
大连网信软件有限公司© 版权所有